|
|
|
|
| LEADER |
01028nam a22002772aa4500 |
| 001 |
000923480 |
| 003 |
CZ BrMZK |
| 005 |
20081205140334.0 |
| 007 |
ta |
| 008 |
081203m19831984xr er|||||||||||cze d |
| 015 |
|
|
|a cnb002774859
|z cnb000006601
|z cnb000026395
|
| 020 |
|
|
|q (Brož.)
|
| 040 |
|
|
|a BOA001
|b cze
|
| 080 |
9 |
|
|a 628
|
| 245 |
0 |
0 |
|a Obsluha čistíren odpadních vod :
|b studijní texty
|
| 260 |
|
|
|a Praha :
|b Dům techniky ČSVTS,
|c 1983
|
| 300 |
|
|
|a 2 sv.
|
| 550 |
|
|
|a Vydavatel: ČÚV Společ. vodohospodářské ČSVTS aj.
|
| 505 |
0 |
|
|a [1.] 1983. 148 s. -- 2. 1984. 119 s.
|
| 710 |
2 |
|
|a Česká vodohospodářská společnost.
|b Český ústřední výbor
|7 kn20060125101
|
| 910 |
|
|
|a BOA001
|b 4-0863.064
|s 1-2
|
| 964 |
|
|
|a Odpadní vody - čistírny - obsluha
|
| 990 |
|
|
|a BK
|
| 991 |
|
|
|b 200812
|
| 996 |
7 |
|
|b 2619340615
|c 4-0863.064
|d 1.
|v 1
|l MZK
|r Sklad / do 1 hodiny
|n 1
|w 000923480
|u 000010
|a 1
|e BOA001
|j MZK50
|s A
|
| 996 |
6 |
|
|b BC-621935
|c 4-0863.064
|d 2.
|v 2
|l MZK
|r Sklad / do 1 hodiny
|n 0
|w 000923480
|u 000020
|a 1
|e BOA001
|j MZK50
|s P
|